| 000 | 00856nam a2200265 4500 | ||
|---|---|---|---|
| 001 | 32843 | ||
| 003 | AR-RoBPED | ||
| 005 | 20260612082813.0 | ||
| 008 | 260610e2025 |||a||| |||| 000 0 spa d | ||
| 020 | _a9786316506351 | ||
| 040 | _aAR-RoBPED | ||
| 041 | _aspa | ||
| 100 |
_aFeito, Luciana _d1981- _931028 |
||
| 245 | 1 |
_a¿Qué atrapé? / _cLuciana Feito |
|
| 260 |
_aBuenos Aires : _bGerbera, _c2025. |
||
| 300 |
_as.p. _bil. tipografía Open Dyslexic |
||
| 490 | 0 | _a(Nube de algodón) | |
| 505 | _aLa tipografía utilizada en este libro es Open Dyslexic, amigable para lectores con dislexia. | ||
| 650 | 4 |
_aLITERATURA INFANTIL _9168 |
|
| 650 | 4 |
_aBEBETECA _927081 |
|
| 650 | 4 |
_aLITERATURA ARGENTINA _915616 |
|
| 655 | 0 |
_aRIMAS INFANTILES _931030 |
|
| 942 |
_2udc _ak. 32843 _cBK _h860(82)-1 _kBB _mF 34 _pinv. 42532 |
||
| 999 |
_c32843 _d32843 |
||